000
00328nam a2200133Ia 4500
008
240624s9999 xx 000 0 und d
041
_a
eng
082
_a
658.8 DAS
100
_a
DAS ASHOK
245
_a
GUIDE TO INDIAN MARKET
250
_a
(2nd ed.)
260
_c
2012
_a
New Delhi
_b
Matrix
300
_a
xii, : 327 : p. : cm. ; 30
999
_c
24036
_d
24036